000 00552nam a2200181Ia 4500
008 090124s9999 xx 000 0 und d
082 _b28236
100 _aभावे पु. भा.
245 _a रक्त आणि अश्रू
250 _a3
260 _bरावजी प्रकाशन
_c1989
300 _a128
600 _aभावे पु. भा.
630 _a रक्त आणि अश्रू
700 _aभावे पु. भा.
730 _a रक्त आणि अश्रू
942 _cBOOK
999 _c95221
_d95221